Detalles MARC
| 000 -LEADER |
| fixed length control field |
01930 am a2200385 a 4500 |
| 005 - FECHA ULTIMA MODIFICACION |
| control field |
20240624114527.0 |
| 008 - CAMPO DE CONTROL (LIBRO) |
| fixed length control field |
100312s2005||||ag # gf|||| 000 0 spa d |
| 020 ## - INTERNATIONAL STANDARD BOOK NUMBER |
| ISBN |
9508922141 |
| 041 ## - CODIGO DE IDIOMA |
| Código de idioma del texto/pista de sonido o título separado |
spa |
| 092 ## - SIGNATURA TOPOGRAFICA DEWEY LOCAL |
| número de clasificación |
362.109 8 |
| libristica |
4 |
| sección |
ARM |
| 100 1# - ENTRADA PRINCIPAL--NOMBRE PERSONAL |
| Nombre personal |
Armus, Diego |
| Función |
Comp. |
| 9 (RLIN) |
533 |
| 245 ## - TITULO PROPIAMENTE DICHO |
| Título |
Avatares de la medicalización en América Latina 1870-1970 / |
| Mención de responsabilidad y remanente de la transcripción de la portada |
Diego Armus |
| 250 ## - MENCION DE EDICION |
| Mención de edición |
1a ed. |
| 260 ## - PIE DE IMPRENTA |
| Lugar de publicación, distribución, etc |
Buenos Aires: |
| Nombre de la editorial, distribuidor, etc |
Lugar Editorial; |
| Fecha de publicación |
2005. |
| 300 ## - DESCRIPCION FISICA |
| Extension |
304 p. |
| Dimensiones |
23x16 cm. |
| 500 ## - NOTA GENERAL |
| Nota general |
Armus, D. (Comp.). (2005). Avatares de la medicalización en América Latina 1870-1970. (1a ed.). Buenos Aires : Lugar Editorial. |
| 590 ## - NOTAS LOCALES (RLIN) |
| Nota local |
Donación Editorial Lugar; 2009. Compra ESME, 2009 |
| 648 ## - MATERIA-TERMINOS CRONOLOGICOS |
| -- |
534 |
| 653 ## - TÉRMINO INDIZADO - PALABRAS CLAVES |
| Palabra clave |
Legados y tendencias en la historiografía sobre la enfermedad en América Latina moderna |
| 653 ## - TÉRMINO INDIZADO - PALABRAS CLAVES |
| Palabra clave |
Buenos Aires 1871: imagen de la fiebre civilizada |
| 653 ## - TÉRMINO INDIZADO - PALABRAS CLAVES |
| Palabra clave |
Historias de enfermos tuberculosos que protestan. Argentina, 1920-1940 |
| 653 ## - TÉRMINO INDIZADO - PALABRAS CLAVES |
| Palabra clave |
Servicios de salud y sistema político: Argentina, Brasil y Chile, 1920-1970 |
| 653 ## - TÉRMINO INDIZADO - PALABRAS CLAVES |
| Palabra clave |
Condenado por la raza, absuelto por la medicina: el Brasil descubierto por el movimiento médico-higienista de la Primera República |
| 653 ## - TÉRMINO INDIZADO - PALABRAS CLAVES |
| Palabra clave |
Estrategias anti-coloniales: sifilis, raza e identidad nacional en el Brasil de entreguerras |
| 653 ## - TÉRMINO INDIZADO - PALABRAS CLAVES |
| Palabra clave |
Enfermedad de chagas como problemática médico social en Brasil 1909-1950 |
| 653 ## - TÉRMINO INDIZADO - PALABRAS CLAVES |
| Palabra clave |
Discurso médico, cultura higiénica y la mujer en México entre fines del siglo XIX y comienzos del siglo XX |
| 653 ## - TÉRMINO INDIZADO - PALABRAS CLAVES |
| Palabra clave |
Ascenso y caída de una loca utopía: el Manicomio General en la ciudad de México a comienzos del siglo XX |
| 653 ## - TÉRMINO INDIZADO - PALABRAS CLAVES |
| Palabra clave |
Mestizofilia, biotipología y eugenesia en el Mésico post-revolucionario: hacia una historia de la ciencia y el estado, 1920-1960 |
| 930 ## - NUMERO DE INVENTARIO |
| Número de inventario |
1353 |
| 930 ## - NUMERO DE INVENTARIO |
| Número de inventario |
2041 |
| 930 ## - NUMERO DE INVENTARIO |
| Número de inventario |
2042 |
| 930 ## - NUMERO DE INVENTARIO |
| Número de inventario |
2043 |
| 930 ## - NUMERO DE INVENTARIO |
| Número de inventario |
2044 |
| 942 ## - ADDED ENTRY ELEMENTS (KOHA) |
| Source of classification or shelving scheme |
Dewey Decimal Classification |
| Item type |
Libros |